| 000 | 00443nam a22001817a 4500 | ||
|---|---|---|---|
| 003 | CEME | ||
| 005 | 20210628203557.0 | ||
| 008 | 210201b xxu||||| |||| 00| 0 eng d | ||
| 020 | _a969-35-1050-X | ||
| 040 | _c. | ||
| 082 | _a891.4393 BUT | ||
| 100 |
_aButt, Muhammad Younus. Dr _966354 |
||
| 245 | _aLaugh zanian | ||
| 260 |
_aLAHORE _bSANG-E-MEEL _c2001 |
||
| 300 | _a142P | ||
| 650 |
_aURDU ADAB-TANZ-O-MAZAH _91738 |
||
| 942 |
_cBK _2ddc |
||
| 999 |
_c574333 _d574333 |
||